Las palabras del mundo / (Registro nro. 9244)

Detalles MARC
000 -LIDER
fixed length control field 00794nam a22002537a 4500
001 - NÚMERO DE CONTROL
Identificador de número de control 00092
003 - IDENTIFICACDOR DE NÚMERO DE CONTROL
control field DO-SdBNP
005 - DATE AND TIME OF LATEST TRANSACTION
control field 20231026101911.0
007 - CAMPOS FIJOS DE DESCRIPCIÓN FÍSICA
fixed length control field 00092
008 - ELEMENTOS DE LONGITUD FIJA
fixed length control field 160315b1998 sp || 00| 0 spa d
040 ## - FUENTE DE CATALOGACIÓN
Agencia que crea de manera original el registro BPMSU
Idioma de catalogación spa
Agencia que realiza la transcripción BPMSU
082 #4 - NÚMERO DE CLASIFICACIÓN DECIMAL DE DEWEY
Classification number 863.64
Item number M562p 1998
Edition number 22
092 ## - LOCALLY ASSIGNED DEWEY DECIMAL CALL NUMBER
Número de clasificación xxxxxxxx
Número de ítem (Cutter) xxxxxxxx
100 1# - ASIENTO PRINCIPAL -- NOMBRE PERSONAL
Nombre personal Merino, José María
Fechas asociadas con el nombre 1941-
245 14 - MENCIÓN DE TITULO
Título Las palabras del mundo /
Mención de responsabilidad José María Merino , ilustración Daniel Albarracín
260 ## - PUBLICACIÓN, DISTRIBUCIÓN, ETC. (PIE DE IMPRENTA)
Lugar de publicación, distribución, etc Barcelona :
Nombre del editor, distribuidor, etc. Difusión Directa Édera ,
Fecha de publicación, distribución, etc 1998.
300 ## - DESCRIPCIÓN FÍSICA
Extensión 93 p. :
Dimensiones 21 cm.
490 0# - MENCIÓN DE SERIES
Mención de serie Diez minutos.;
-- Escritores españoles de hoy,
Volume/sequential designation 4
650 #4 - ENCABEZAMIENTO DE MATERIA--TEMÁTICO
Término temático o nombre geográfico como elemento de entrada Cuentos españoles
650 #4 - ENCABEZAMIENTO DE MATERIA--TEMÁTICO
Término temático o nombre geográfico como elemento de entrada Vida cotidiana
Subdivisión de forma Cuentos
700 1# - ASIENTO SECUNDARIO -- NOMBRE PERSONAL
Nombre personal Albarracín, Daniel,
Mención de responsabilidad il.
910 ## - VALIDACIÓN
Validación VMateo V. Control de calidad. BPMSU
942 ## - ADDED ENTRY ELEMENTS (KOHA)
Source of classification or shelving scheme Dewey Decimal Classification
Koha item type Libros
Existencias
Withdrawn status Lost status Source of classification or shelving scheme Damaged status Not for loan Collection code Home library Current library Date acquired Source of acquisition Total Checkouts Full call number Barcode Date last seen Price effective from Koha item type
    Dewey Decimal Classification     Colección General Biblioteca Pública Metropolitana Salomé Ureña Biblioteca Pública Metropolitana Salomé Ureña 03/15/2016 Donación   BPMSU CG 863.64 M562p 1998 BPMSU16030121 03/15/2016 03/15/2016 Libros